000 01276cam a2200289ua 4500
005 20140520110337.0
008 050309s1981 cc 000 u chi u
020 _a9789628789559
020 _a9628789554
035 _a92678
035 _a(OCoLC)36466031
040 _aCVU
_cCVU
_dOCLCQ
_dHUA
_dOCLCA
041 1 _achi
_heng
066 _c$1
082 0 0 _a254
100 1 _a殷思重 Engstrom, Theodore Wilhelm,
_d1916-
240 1 0 _aMaking of a Christian leader.
_lChinese
245 1 0 _a屬靈領袖的塑造 Shu ling ling xiu de su zao = Making of a Christian Leader {ch} /
_c殷思重著 ; 王一平譯 Yinsizhong zhu ; Wang Yiping yi.
260 _a香港 Xianggang :
_b亞洲歸主協會香港分會 Yazhou gui zhu xie hui Xianggang fen hui,
_c1981.
300 _a176, [1] p. ;
_c21 cm.
500 _aTranslation of: The making of a Christian leader.
504 _aIncludes bibliographical references (p. [177]).
520 _a我們把人投進職責汪洋中,卻沒有教他們原則、技巧、方法來浮上來,更別說前進。這本生動、清晰、啟發人心的書,會教起一些快沉下去的,也給那些只在踏水的一些前進力!
650 0 _aChristian leadership.
700 1 _a王一平 Wang, Yiping.
942 _2lcc
_cBK
999 _c36404
_d36404